<?xml version="1.0" encoding="UTF-8"?>
<collection xmlns="http://www.loc.gov/MARC21/slim">
 <record>
  <leader>01674nam a2200217Ia 4500</leader>
  <controlfield tag="001">TDMU_22123</controlfield>
  <controlfield tag="008">210410s9999    xx            000 0 und d</controlfield>
  <datafield tag="082" ind1=" " ind2=" ">
   <subfield code="a">620.1</subfield>
  </datafield>
  <datafield tag="090" ind1=" " ind2=" ">
   <subfield code="b">B510</subfield>
  </datafield>
  <datafield tag="100" ind1=" " ind2=" ">
   <subfield code="a">Bùi, Công Thành</subfield>
  </datafield>
  <datafield tag="245" ind1=" " ind2="0">
   <subfield code="a">Cơ học kết cấu nâng cao</subfield>
  </datafield>
  <datafield tag="245" ind1=" " ind2="0">
   <subfield code="c">Bùi Công Thành</subfield>
  </datafield>
  <datafield tag="260" ind1=" " ind2=" ">
   <subfield code="a">Tp. Hồ Chí Minh</subfield>
  </datafield>
  <datafield tag="260" ind1=" " ind2=" ">
   <subfield code="b">Đại học Quốc gia Tp. Hồ Chí Minh</subfield>
  </datafield>
  <datafield tag="260" ind1=" " ind2=" ">
   <subfield code="c">2010</subfield>
  </datafield>
  <datafield tag="300" ind1=" " ind2=" ">
   <subfield code="a">219 tr.</subfield>
  </datafield>
  <datafield tag="520" ind1=" " ind2=" ">
   <subfield code="g">Chương mở đầu.</subfield>
   <subfield code="t">Nhắc lại phần toán học mở đầu với cơ học vật rắn biến dạng --</subfield>
   <subfield code="g">Chương 1.</subfield>
   <subfield code="t">Những khái niệm tổng quát về lý thuyết dẻo --</subfield>
   <subfield code="g">Chương 2.</subfield>
   <subfield code="t">Áp dụng của lý thuyết biến dạng dẻo toàn phần theo phương pháp từng bước --</subfield>
   <subfield code="g">Chương 3.</subfield>
   <subfield code="t">Quan điểm biến phân của lý thuyết dẻo --</subfield>
   <subfield code="g">Chương 4.</subfield>
   <subfield code="t">Lý thuyết phân tích trực tiếp tải trọng giới hạn --</subfield>
   <subfield code="g">Chương 5.</subfield>
   <subfield code="t">Áp dụng lý thuyết phân tích trực tiếp tải trọng giới hạn vào bài toán phẳng --</subfield>
   <subfield code="g">Chương 6.</subfield>
   <subfield code="t">Lý thuyết phân tích trực tiếp tải trọng giới hạn của các kết cấu kỹ thuật --</subfield>
   <subfield code="g">Chương 7.</subfield>
   <subfield code="t">Phân tích dẻo từng bước hệ thanh bằng phương pháp ma trận độ cứng</subfield>
  </datafield>
  <datafield tag="650" ind1=" " ind2=" ">
   <subfield code="a">Cơ học ứng dụng; Cơ học kết cấu</subfield>
  </datafield>
  <datafield tag="700" ind1=" " ind2=" ">
   <subfield code="a">Đại học Quốc gia Tp. Hồ Chí Minh</subfield>
  </datafield>
  <datafield tag="856" ind1=" " ind2=" ">
   <subfield code="u">http://lrc.tdmu.edu.vn/opac/search/detail.asp?aID=2&amp;ID=22123</subfield>
  </datafield>
  <datafield tag="980" ind1=" " ind2=" ">
   <subfield code="a">Trung tâm Học liệu Trường Đại học Thủ Dầu Một</subfield>
  </datafield>
 </record>
</collection>
